Names That Are English Words #2 - Statistics

General Stats
  • This quiz has been taken 128 times
    100 since last reset
  • The average score is 20 of 59
Answer Stats
Peak year Peak rank Hint Answer % Correct
2018 947 Royal Queen
84%
2017 147 Royal King
79%
2019 298 Royal Prince
77%
2003 686 Royal Princess
76%
2018 533 Peer Duke
73%
2003 96 Winner Victor
73%
2014 271 Words Lyric
66%
2014 356 Festive song Noel
65%
2016 461 Generic term Royal
65%
2000 712 Peer Earl
63%
2019 998 Number Seven
63%
2001 22 Fate Destiny
62%
2003 371 Frilly Lacey
62%
2000 516 Light Ray
61%
2004 406 Freedom Liberty
60%
2008 994 Peer Baron
57%
2004 13 Elegance Grace
57%
2016 691 Unit Penny
56%
2019 75 Possibility Chance
51%
2017 329 Rank Major
51%
2001 842 Distinct Unique
50%
2019 193 Campfire byproduct Ember
49%
2013 243 Generic term Cash
48%
2018 407 Royal (Latin) Regina
48%
2019 230 Non-runner Walker
45%
2001 256 Weapon Lance
44%
2017 610 Royal (Latin) Rex
44%
2019 169 Combination Harmony
40%
2019 118 Sequence Melody
40%
2017 45 Pattern Paisley
40%
2015 319 Rank Marshall
35%
2002 597 Audio input Mike
35%
2000 724 Song Carol
33%
2000 457 Help Charity
24%
2001 264 Soldier Jerry
18%
2019 9 Musician Harper
17%
2001 14 Fixture John
17%
2000 236 Scrap Chad
16%
2014 235 Job Gunner
12%
2018 815 Royal Kaiser
12%
2019 409 Currency Sterling
12%
2000 677 Divided into bars Barry
10%
2001 369 Acknowledgement Roger
9%
2000 928 Stack Rick
7%
2018 338 Labyrinth Warren
7%
2000 68 Castle wall Bailey
5%
2000 649 Dirty Sandy
5%
2000 36 Container Jordan
4%
2002 281 Stylish Tony
4%
2019 562 Former unit Zaire
4%
2014 726 Tax Cain
2%
2012 686 Rule Maxim
2%
2018 963 Job Scout
2%
2019 390 Board Bristol
1%
2019 737 Fabric Holland
1%
2018 319 Tax Kane
1%
2000 98 Clothing Spencer
1%
2001 664 Dance German
0%
2018 38 Former unit Stella
0%
No matching quizzes found
Score Distribution
Percent of People with Each Score
Percentile by Number Answered
Your Score History
You have not taken this quiz since the last reset